<?xml version="1.0" encoding="UTF-8"?>
<record
    xmlns:xsi="http://www.w3.org/2001/XMLSchema-instance"
    xsi:schemaLocation="http://www.loc.gov/MARC21/slim http://www.loc.gov/standards/marcxml/schema/MARC21slim.xsd"
    xmlns="http://www.loc.gov/MARC21/slim">

  <leader>01089nam a22002774i 4500</leader>
  <datafield tag="999" ind1=" " ind2=" ">
    <subfield code="c">8013</subfield>
    <subfield code="d">8013</subfield>
  </datafield>
  <controlfield tag="001">991061257304806706</controlfield>
  <controlfield tag="003">OSt</controlfield>
  <controlfield tag="005">20250114135119.0</controlfield>
  <controlfield tag="008">241219e202411  spc           000 0dcat|c</controlfield>
  <datafield tag="017" ind1=" " ind2=" ">
    <subfield code="a">DL T 1110-2024</subfield>
    <subfield code="b">Biblioteca de Catalunya</subfield>
  </datafield>
  <datafield tag="020" ind1=" " ind2=" ">
    <subfield code="a">9788412916041</subfield>
  </datafield>
  <datafield tag="040" ind1=" " ind2=" ">
    <subfield code="a">ES-BaBAB</subfield>
    <subfield code="b">cat</subfield>
    <subfield code="e">rda</subfield>
    <subfield code="c">CDMR</subfield>
  </datafield>
  <datafield tag="100" ind1="1" ind2=" ">
    <subfield code="a">Mart&#xED; Mart&#xED;, Josep Maria</subfield>
    <subfield code="9">498</subfield>
  </datafield>
  <datafield tag="245" ind1="1" ind2="0">
    <subfield code="a">Periodisme que ajuda a escriure la hist&#xF2;ria :</subfield>
    <subfield code="b">selecci&#xF3; d'articles de 'La Mirada' (2017-2024) /</subfield>
    <subfield code="c">Josep M. Mart&#xED; i Mart&#xED; ; edici&#xF3; i comentaris d'Isabel Mart&#xED;nez Mart&#xED;nez</subfield>
  </datafield>
  <datafield tag="264" ind1=" " ind2="1">
    <subfield code="a">Reus :</subfield>
    <subfield code="b">Edicions del Centre de Lectura de Reus :</subfield>
    <subfield code="b">Arola Editors,</subfield>
    <subfield code="c">2024</subfield>
  </datafield>
  <datafield tag="300" ind1=" " ind2=" ">
    <subfield code="a">205 p&#xE0;gines ;</subfield>
    <subfield code="c">21 cm</subfield>
  </datafield>
  <datafield tag="490" ind1="1" ind2=" ">
    <subfield code="a">Assaig ;</subfield>
    <subfield code="v">156</subfield>
  </datafield>
  <datafield tag="630" ind1="0" ind2="7">
    <subfield code="a">Diari de Tarragona (1986)</subfield>
    <subfield code="2">lemac</subfield>
  </datafield>
  <datafield tag="651" ind1=" " ind2="7">
    <subfield code="a">Tarragona (Catalunya)</subfield>
    <subfield code="x">Pol&#xED;tica i govern</subfield>
    <subfield code="y">S. XXI.</subfield>
    <subfield code="2">lemac</subfield>
  </datafield>
  <datafield tag="651" ind1=" " ind2="7">
    <subfield code="a">Tarragona (Catalunya)</subfield>
    <subfield code="x">Vida social i costums</subfield>
    <subfield code="y">S. XXI.</subfield>
    <subfield code="2">lemac</subfield>
  </datafield>
  <datafield tag="700" ind1="1" ind2=" ">
    <subfield code="a">Mart&#xED;nez, Isabel,</subfield>
  </datafield>
  <datafield tag="830" ind1=" " ind2="0">
    <subfield code="a">Assaig (Centre de Lectura (Reus, Catalunya)) ;</subfield>
    <subfield code="v">156</subfield>
  </datafield>
  <datafield tag="908" ind1=" " ind2=" ">
    <subfield code="a">BAB</subfield>
    <subfield code="a">BMON</subfield>
    <subfield code="a">BMVB</subfield>
    <subfield code="a">CLR</subfield>
  </datafield>
  <datafield tag="940" ind1=" " ind2=" ">
    <subfield code="a">BAB</subfield>
  </datafield>
  <datafield tag="942" ind1=" " ind2=" ">
    <subfield code="2">udc</subfield>
    <subfield code="c">MON</subfield>
  </datafield>
  <datafield tag="952" ind1=" " ind2=" ">
    <subfield code="0">0</subfield>
    <subfield code="1">0</subfield>
    <subfield code="4">0</subfield>
    <subfield code="7">0</subfield>
    <subfield code="a">CDMR</subfield>
    <subfield code="b">CDMR</subfield>
    <subfield code="d">2025-01-14</subfield>
    <subfield code="e">Donaci&#xF3;</subfield>
    <subfield code="g">25.00</subfield>
    <subfield code="l">1</subfield>
    <subfield code="o">Du 6/135</subfield>
    <subfield code="p">CDMR25010002</subfield>
    <subfield code="r">2025-02-24</subfield>
    <subfield code="s">2025-02-03</subfield>
    <subfield code="w">2025-01-14</subfield>
    <subfield code="y">MON</subfield>
  </datafield>
</record>
